LA ESENCIA DEL T'AI CHI/

TRADUCCION DE: EMBRACE TIGER, RETURN TO MOUNTAIN: THE ESSENCE OF T'AI CHI

Guardado en:
Bibliografiske detaljer
Hovedforfatter: Chung-Liang, Huang (autor)
Format: Bog
Udgivelse:9a edición
Fag:
Tags: Tilføj Tag
Ingen Tags, Vær først til at tagge denne postø!

MARC

LEADER 00000nam^a2200000^a^4500
001 000224891
005 20250521000000.0
009 20260310104106.917
035 |a 043972 
037 |a Acervo Xavier Clavigero 
082 |a 704. 94899514  |b ALC 
100 |a Chung-Liang, Huang  |e (autor) 
245 1 3 |a LA ESENCIA DEL T'AI CHI/  |c AL CHUNG-LIANG HUANG; TR. ALEJANDRO CELIS H 
250 |a 9a edición 
264 |a CHILE :  |b CUATRO VIENTOS,  |c 1995 
300 |a 230p. :  |b retrs. 
336 |a texto  |b txt  |2 rdacontenido 
337 |a sin mediación  |b n  |2 rdamedio 
338 |a volumen  |b nc  |2 rdasoporte 
520 |a TRADUCCION DE: EMBRACE TIGER, RETURN TO MOUNTAIN: THE ESSENCE OF T'AI CHI 
649 |a XX 
650 |a Taoísmo 
650 |a Taichi 
910 |a Fondo General 
920 |a Impresos - Libros 
930 |a Colección General 
905 |a 101 
901 |a 043972  |b IT1  |c ACC  |i 043972  |u 20250521 
902 |a https://opac.biblio.iteso.mx/vufind/Record/000224891